000 00644nam a2200253 c 4500
001 a5361660
003 CO-ViMGA
005 20230915225023.0
008 130607s2013 sp | |||| 000 1 spa
020 _a9789584240538
040 _aCO-ViMGA
_bspa
_cCO-ViMGA
041 1 _heng
082 0 4 _a863
_bS54dm
100 1 _aSmith, L. J.
_9501
240 1 0 _aMidnight
_lEspañol
245 1 0 _aDamon, medianoche
250 _a1 ed.
260 _a[Barcelona]
_bPlaneta
_c2011
300 _a493 p.
_c19 cm
490 0 _aBestseller Internacional
_v1300
490 0 _aCrónicas vampir̕icas
_v7
700 1 _aGallart, Gemma
_9515
942 _2ddc
_cBK
999 _c11994
_d11994